000 00671nam a2200205Ia 4500
003 GCL
008 140319s9999 xx 000 0 ara d
020 _a9635801977
040 _aGCL /
_cGCL
082 0 4 _a928.1
_bل ص
100 1 _aلوسى يعقوب
245 1 0 _aصالح جودت :
_b( حياتة و شعرة ) /
_cلوسى يعقوب
250 _aد.ط
260 _aالقاهرة :
_bالهيئة المصرية العامة للكتاب ،
_c1999
300 _a263 ص ؛
_c24 سم
650 0 4 _aالشعر العربى - دواوين وقصائد
650 0 4 _aالشعراء - تراجم
650 0 4 _aصالح جودت - تراجم
942 _2ddc
_cBK
999 _c8857
_d8857